State-of-art marketing research..
| Main Author: | |
|---|---|
| Other Authors: | |
| Format: | Book |
| Published: |
Chicago:
American Marketing Association,
1993.
|
| Subjects: |
| LEADER | 00485cam a2200169 7i4500 | ||
|---|---|---|---|
| 001 | 0000003963 | ||
| 005 | 19991025090000.0 | ||
| 002 | ##000005400 | ||
| 020 | 0 | 0 | |a 0-8442-3457-5# |
| 090 | 0 | 0 | |a B 658.83 |b BLA |
| 100 | 1 | 0 | |a Blankenship |
| 245 | 0 | 0 | |a State-of-art marketing research.. |
| 260 | 0 | 0 | |a Chicago: |b American Marketing Association, |c 1993. |
| 300 | 0 | 0 | |a 579 p.. |
| 650 | 0 | 0 | |a Marketing research |
| 700 | 1 | 1 | |a Breen, |h George Edward |
| 999 | |a 0000006259 |b Book |c Open shelf |e Business Information Centre | ||


